[Event "IV Open"]
[Site "Sort ESP"]
[Date "2008.06.24"]
[Round "1"]
[White "Nadig,K"]
[Black "Movsziszian,K"]
[Result "1/2-1/2"]
[WhiteElo "2213"]
[BlackElo "2536"]

1.e4 d6 2.d4 g6 3.Nc3 Bg7 4.f4 Nf6 5.Nf3 O-O 6.Bd3 Nc6 7.O-O e5 8.fxe5 dxe5
9.dxe5 Nxe5 10.Nxe5 Qd4+ 11.Kh1 Qxe5 12.Bf4 Qc5 13.Qf3 c6 14.e5 Ng4 15.Ne4 Qe7
16.Rae1 Nxe5 17.Qg3 Bf5 18.Nf2 f6 19.Bxf5 gxf5 20.Nd1 Qd7 21.Ne3 Ng6 22.Bd6 f4
23.Bxf4 f5 24.Nc4 Nxf4 25.Qxf4 Rad8 26.h3 Qd4 27.Re7 Qxf4 28.Rxf4 b5 29.Ne3 Bf6
30.Re6 Rde8 31.Rxe8 Rxe8 32.Rxf5 Bxb2 33.Ng4 Re2 34.Rc5 h5 35.Rxh5 Rxc2 36.Rg5+ Kh7
37.Rh5+ Kg6 38.Rh6+ Kg5 39.Rd6 a5 40.Kh2 a4 41.Kg3 Rc3+ 42.Kf2 b4 43.Rd8 Bc1
44.Rb8 c5 45.Ke2 Kf4 46.Rf8+ Kg3 47.Ne5 Bg5 48.Nd3 Rc2+ 49.Ke1 b3 50.axb3 axb3
51.Rg8 Kh4 52.Rh8+ Kg3 53.Rg8 c4 54.Rxg5+ Kh2 55.Rb5 Kxg2 56.Kd1 Kxh3 57.Ne5 Kg3
58.Nxc4 Rxc4 59.Rxb3+  1/2-1/2

[Event "Marshall NY Int"]
[Site "New York USA"]
[Date "2008.06.25"]
[Round "9"]
[White "Almeida Saenz,A"]
[Black "Ginsburg,M"]
[Result "1-0"]
[WhiteElo "2424"]
[BlackElo "2365"]

1.d4 g6 2.e4 Bg7 3.Nc3 d6 4.Bc4 Nf6 5.Nge2 O-O 6.f3 c6 7.a4 d5 8.Bb3 dxe4
9.fxe4 e5 10.Bg5 exd4 11.Qxd4 Qxd4 12.Nxd4 Nbd7 13.Rf1 h6 14.Bh4 Ng4 15.Ne6 fxe6
16.Bxe6+ Kh7 17.Bxg4 Rxf1+ 18.Kxf1 Nc5 19.Bf3 Be6 20.Bf2 b6 21.a5 Re8 22.axb6 axb6
23.Ra7 Kg8 24.Rc7 Bc4+ 25.Kg1 Ra8 26.Nd1  1-0

[Event "22th Open"]
[Site "Pula CRO"]
[Date "2008.06.25"]
[Round "6"]
[White "Rogic,D"]
[Black "Sebenik,M"]
[Result "1/2-1/2"]
[WhiteElo "2475"]
[BlackElo "2502"]

1.e4 d6 2.Nc3 g6 3.d4 Bg7 4.Be3 a6 5.a4 Nf6 6.h3 O-O 7.g4 c5 8.Nge2 cxd4
9.Bxd4 Nc6 10.Be3 Rb8 11.Bg2 b5 12.axb5 axb5 13.O-O b4 14.Nd5 Ne8 15.Qc1 e6
16.Ndf4 Ne5 17.b3 Bb7 18.Qd2 Nf6 19.Ng3 d5 20.Ra4 Nxe4 21.Nxe4 dxe4 22.Qxd8 Rfxd8
23.Rxb4 Nc6 24.Rxb7 Rxb7 25.Bxe4 Rc8 26.Rd1 Rbb8 27.Rd7 Ne5 28.Ra7 Rb4 29.Ra8 Rxa8
30.Bxa8 Rb8 31.Be4 f5 32.gxf5 gxf5 33.Bg2 Kf7 34.Ne2 Rd8 35.f4 Ng6 36.b4 Rd1+
37.Kf2 Rb1 38.c3 Bf6 39.Bd2 Rb2 40.Ke3 Nxf4 41.Nxf4 Bg5 42.Kd3 Bxf4 43.Bxf4 Rxg2
44.b5 Rb2 45.c4 Ke7 46.Kc3 Rb1 47.Kc2 Rb4 48.Kc3 Rb1 49.Kc2 Rb4  1/2-1/2

[Event "XII Izmailov Mem"]
[Site "Tomsk RUS"]
[Date "2008.06.25"]
[Round "1"]
[White "Tilicheev,V"]
[Black "Mihajlovskij,S"]
[Result "1/2-1/2"]
[WhiteElo "2147"]
[BlackElo "2476"]

1.e4 g6 2.d4 Bg7 3.Nc3 d6 4.g3 Nd7 5.Bg2 h5 6.Nge2 h4 7.gxh4 Rxh4 8.Be3 c5
9.d5 Ne5 10.f4 Nc4 11.Bf2 Nxb2 12.Qc1 Rg4 13.Bf3 Nc4 14.h3 Rxf4 15.Qxf4 Bxc3+
16.Nxc3 Qa5 17.O-O Qxc3 18.Bg4 Nf6 19.Bxc8 Rxc8 20.Bh4 Qe3+ 21.Qxe3 Nxe3
22.Rf3 Nxc2 23.Bxf6 Nxa1 24.Bxa1 f6 25.a4 Kd7 26.Rg3 Rh8 27.Rxg6 Rxh3 28.Rg7 Rf3
29.Kg2 Rf4 30.Bc3 Ke8 31.Rg8+ Kf7 32.Rb8 Rxe4 33.a5 b5 34.Rxb5 Re3 35.Bb2 Rd3
36.a6 Rxd5 37.Rb7 c4 38.Bc3 Rd3 39.Be1 Rd1 40.Kf2 d5 41.Rxa7 d4 42.Bb4 c3
43.Rxe7+ Kg6 44.a7 Ra1 45.Bxc3 dxc3 46.Rc7 Ra2+ 47.Kf3 Ra3 48.a8=Q Rxa8 49.Rxc3  1/2-1/2

[Event "TCh-TUR"]
[Site "Kocaeli TUR"]
[Date "2008.06.26"]
[Round "5"]
[White "Muzychuk,A"]
[Black "Genova,Ly"]
[Result "1-0"]
[WhiteElo "2486"]
[BlackElo "2232"]

1.e4 d6 2.d4 g6 3.Nc3 Bg7 4.Be3 a6 5.a4 b6 6.f4 Nd7 7.Nf3 e6 8.f5 exf5 9.exf5 Ndf6
10.Bd3 Qe7 11.Qe2 Nh6 12.Be4 Rb8 13.fxg6 hxg6 14.Bg5 Bb7 15.O-O O-O 16.Rae1 Rfe8
17.Nd2 d5 18.Bf3 Qxe2 19.Nxe2 Ne4 20.Bf4 Nxd2 21.Bxd2 Nf5 22.c3 c5 23.Bf4 Ra8
24.g4 Ne3 25.Bxe3 Rxe3 26.dxc5 bxc5 27.Nf4 Rae8 28.Rxe3 Rxe3 29.Kf2 Re8 30.Bxd5 Bxd5
31.Nxd5 Re4 32.Kf3 Rxa4 33.Re1 Ra2 34.Re2 a5 35.Nb6 a4 36.Nc4 Kf8 37.Ke3 Ke7
38.Kd3+ Kd7 39.Rd2 Kc6 40.Rf2 f6 41.Re2 Kd7 42.Rd2 Kc7 43.Ke4 Bh6 44.Rf2 Bg5
45.Kd5 Bh4 46.Re2 f5 47.gxf5 gxf5 48.Kxc5 f4 49.Re4 Bg5 50.Re5 Bh4 51.Rf5 Be7+
52.Kd5 a3 53.bxa3 Rxh2 54.Rf7 Kd8 55.a4 Ra2 56.a5 Bg5 57.Kc6 Ke8 58.Nd6+ Kd8
59.Rd7+  1-0

[Event "White Nights Open"]
[Site "St Petersburg RUS"]
[Date "2008.06.26"]
[Round "6"]
[White "Donskov,Ana"]
[Black "Eidelson,R"]
[Result "1-0"]
[WhiteElo "2066"]
[BlackElo "2163"]

1.e4 g6 2.d4 Bg7 3.Nc3 d6 4.f4 Na6 5.Nf3 c5 6.d5 Nc7 7.Bc4 a6 8.a4 Bd7 9.a5 Nb5
10.Qd3 Nxc3 11.bxc3 Nf6 12.O-O O-O 13.Bd2 Bb5 14.Be1 Qd7 15.Rb1 Bxc4 16.Qxc4 Rab8
17.Qd3 e6 18.c4 exd5 19.cxd5 Rfe8 20.Nd2 Rbc8 21.c4 Ng4 22.h3 Nh6 23.Nf3 Qe7
24.e5 Nf5 25.Bc3 Bh6 26.Nd2 dxe5 27.fxe5 Be3+ 28.Kh1 Qh4 29.Rxf5 Bxd2  1-0

[Event "22th Open"]
[Site "Pula CRO"]
[Date "2008.06.27"]
[Round "8"]
[White "Obodchuk,A"]
[Black "Sebenik,M"]
[Result "1-0"]
[WhiteElo "2421"]
[BlackElo "2502"]

1.d4 d6 2.e4 g6 3.Nc3 Bg7 4.Be3 a6 5.a4 Nf6 6.h3 O-O 7.Nf3 b6 8.Bd3 Bb7 9.Qd2 Nbd7
10.O-O c6 11.e5 Ne8 12.Bh6 c5 13.Bxg7 Nxg7 14.Be4 cxd4 15.Qxd4 Ne6 16.Qe3 Bxe4
17.Qxe4 Ndc5 18.Qe3 dxe5 19.Rfd1 Qc7 20.Nd5 Qb7 21.b4 Rfd8 22.c4 Nd7 23.Nxe7+ Kf8
24.Nd5 f6 25.Qh6+ Kf7 26.Qxh7+ Ng7 27.Qh4 Qc6 28.Rd2 Nf5 29.Qh7+ Ng7 30.Qxg6+  1-0

[Event "22th Open"]
[Site "Pula CRO"]
[Date "2008.06.27"]
[Round "8"]
[White "Borsos,B"]
[Black "Bajramovic,H"]
[Result "1-0"]
[WhiteElo "2354"]
[BlackElo "2216"]

1.e4 d6 2.d4 g6 3.Nc3 Bg7 4.g3 Nf6 5.Bg2 O-O 6.Nge2 Nc6 7.O-O e5 8.h3 Re8
9.Be3 Nd7 10.f4 Nb6 11.b3 Bd7 12.Qd2 exd4 13.Nxd4 Nxd4 14.Bxd4 Bc6 15.Rad1 Qe7
16.a4 Nd7 17.Rfe1 Qf8 18.b4 b6 19.Qd3 Bb7 20.Bxg7 Qxg7 21.e5 Bxg2 22.Kxg2 Nf8
23.Nd5 dxe5 24.Nxc7 Red8 25.Qb5 exf4 26.Nxa8 Qc3 27.Qf1 Rxa8 28.Qxf4 Qxc2+
29.Rd2 Qxa4 30.Re7 Qc6+ 31.Kh2 f6 32.Qh6  1-0

[Event "XII Izmailov Mem"]
[Site "Tomsk RUS"]
[Date "2008.06.27"]
[Round "3"]
[White "Petenev,K"]
[Black "Mihajlovskij,S"]
[Result "0-1"]
[WhiteElo "2238"]
[BlackElo "2476"]

1.e4 g6 2.d4 Bg7 3.Nc3 d6 4.Be3 c6 5.Qd2 b5 6.f3 Nd7 7.g4 h5 8.gxh5 Rxh5
9.O-O-O Qa5 10.Kb1 Nb6 11.Nce2 Qxd2 12.Bxd2 Nf6 13.Ng3 Rh7 14.b3 Bd7 15.Ba5 O-O-O
16.h3 Rdh8 17.c4 bxc4 18.bxc4 Nh5 19.Be1 c5 20.dxc5 Nxg3 21.Bxg3 Na4 22.cxd6 Nc3+
23.Kc1 Nxd1 24.Kxd1 Ba4+ 25.Kc1 exd6 26.Bxd6 Kd7 27.c5 Bd4 28.Kd2 Rh5 29.Ne2 Bxc5
30.Bxc5 Rxc5 31.Nc3 Bc6 32.Bd3 Rch5 33.Bc4 Ke7 34.Ke3 Rxh3 35.Rb1 g5 36.Nd5+ Kd6
37.Nf6 Rh1 38.Rb2 Re1+ 39.Kd4 Rh3 40.Rf2 Rd1+  0-1

[Event "Atlantis Meestertienkamp"]
[Site "Groningen NED"]
[Date "2008.06.28"]
[Round "2"]
[White "Wemmers,X"]
[Black "Pel,B"]
[Result "1-0"]
[WhiteElo "2387"]
[BlackElo "2288"]

1.e4 g6 2.d4 d6 3.Nc3 Bg7 4.Be3 a6 5.a4 Nf6 6.h3 c5 7.dxc5 Qa5 8.Qd2 dxc5
9.e5 Nfd7 10.f4 Nc6 11.Nf3 O-O 12.Ne4 Qxd2+ 13.Nfxd2 Nb4 14.O-O-O Nd5 15.Nc4 Nxe3
16.Nxe3 Bh6 17.Nd5 Nxe5 18.Kb1 Nc6 19.Nxc5 Rb8 20.Bc4 b5 21.axb5 axb5 22.Bb3 Bg7
23.c3 b4 24.Ba4 e6 25.Ne3 bxc3 26.Bxc6 Rxb2+ 27.Kc1 Rb4 28.Rd3 Rxf4 29.Rhd1 Rb4
30.g4 Bf6 31.Ne4 Be7 32.Rxc3 f5 33.gxf5 gxf5 34.Rg1+ Kh8 35.Ng5 Bf6 36.Rc4 Bd4
37.Rxd4 Rxd4 38.Bb5 f4 39.Ng4 Bd7 40.Ne5 h6 41.Ng6+ Kg7 42.Nxf8 Kxf8 43.Bxd7 Rxd7
44.Nxe6+ Ke7 45.Nxf4 Kf6 46.Rd1 Ra7 47.Kd2 Kf5 48.Ke3 Ra3+ 49.Rd3 Ra1 50.Rd5+ Kf6
51.Kf2 Ra3 52.Rd3 Ra4 53.Kf3 Ke5 54.Rd5+ Kf6 55.Kg4 Rb4 56.Rd6+ Kg7 57.h4 Ra4
58.h5 Rb4 59.Kf5 Rb5+ 60.Nd5 Ra5 61.Rd7+ Kf8 62.Kg6 Ra6+ 63.Nf6 Ra7 64.Nh7+  1-0

[Event "5th GM"]
[Site "Mulhouse FRA"]
[Date "2008.06.28"]
[Round "5"]
[White "Kurmann,O"]
[Black "Chatalbashev,B"]
[Result "0-1"]
[WhiteElo "2385"]
[BlackElo "2605"]

1.e4 g6 2.d4 Bg7 3.Nc3 d6 4.Be3 a6 5.Qd2 Nd7 6.h4 h5 7.Nh3 b5 8.a4 b4 9.Nd5 c5
10.Ng5 Nh6 11.Bc4 O-O 12.Ne6 fxe6 13.Bxh6 cxd4 14.Bxg7 Kxg7 15.Nf4 Ne5 16.Nxe6+ Bxe6
17.Bxe6 Rf6 18.Bb3 Qb6 19.O-O-O d3 20.f4 dxc2 21.Rdf1 Raf8 22.g3 Nc6 23.Qxc2 Qe3+  0-1

[Event "Svein Johannessen Mem"]
[Site "Oslo NOR"]
[Date "2008.06.28"]
[Round "2"]
[White "Mellem,N"]
[Black "Hoi,C"]
[Result "0-1"]
[WhiteElo "2131"]
[BlackElo "2410"]

1.e4 g6 2.d4 Bg7 3.Nc3 d6 4.Be3 c6 5.Qd2 b5 6.O-O-O Nd7 7.Nf3 Nb6 8.e5 d5
9.h4 Bg4 10.Re1 b4 11.Nd1 a5 12.h5 Nc4 13.Bxc4 dxc4 14.Ng5 Qd5 15.c3 h6 16.f3 Bf5
17.Nh3 Qb5 18.g4 Bd3 19.Nf4 Qa4 20.Nxd3 Qxa2 21.cxb4 cxd3 22.Qxd3 axb4 23.hxg6 e6
24.gxf7+ Kxf7 25.f4 c5 26.f5 Ne7 27.f6 c4 28.Qb1 Bxf6 29.Qxa2 Rxa2 30.exf6 Nd5
31.g5 c3 32.bxc3 bxc3 33.Rxh6 Rb8 34.g6+ Kxf6 35.Rf1+ Ke7 36.Rh7+ Kd6 37.Nxc3 Ra1+
38.Kc2 Nxe3+ 39.Kd3 Nxf1 40.Rf7 Ng3 41.g7 Rg8 42.Nb5+ Kc6 43.Na7+ Kb6 44.Nc8+ Rxc8
45.Rf8 Ra3+ 46.Kd2 Ne4+ 47.Kd1 Rg3 48.Rxc8 Rxg7 49.Ke2 Nd6 50.Rd8 Kc6 51.Ra8 Kd5  0-1

[Event "IV Open"]
[Site "Sort ESP"]
[Date "2008.06.29"]
[Round "7"]
[White "Sengupta,D"]
[Black "Burmakin,V"]
[Result "0-1"]
[WhiteElo "2446"]
[BlackElo "2615"]

1.e4 d6 2.d4 g6 3.Nc3 Bg7 4.Be3 c6 5.Nf3 b5 6.Qd2 Nd7 7.Bd3 Qc7 8.O-O Ngf6
9.h3 O-O 10.Ne2 c5 11.c3 c4 12.Bc2 a6 13.Bh6 e5 14.Ng3 Kh8 15.Bxg7+ Kxg7
16.Nh4 Ng8 17.f4 f6 18.Rad1 Kh8 19.Nf3 Ra7 20.Rf2 exf4 21.Qxf4 d5 22.Qxc7 Rxc7
23.exd5 Nb6 24.d6 Rd7 25.Ne4 Rdd8 26.Re1 Nd5 27.Nc5 Rxd6 28.Ng5 Nc7 29.a4 Kg7
30.Nge4 Rb6 31.Ra1 Re8 32.axb5 axb5 33.b3 f5 34.Nd2 cxb3 35.Bxb3 Nf6 36.Ra7 Re7
37.Nf3 Nfd5 38.Rc2 f4 39.Ne5 Bf5 40.Rf2 Nxc3 41.Ncd7 Ne8 42.Nxb6 Rxa7 43.Nd5 Ra1+
44.Kh2 Nxd5 45.Bxd5 g5 46.h4 h6 47.hxg5 hxg5 48.g3 Nf6 49.Ra2 Ng4+ 50.Nxg4 Rxa2+
51.Bxa2 Bxg4 52.gxf4 gxf4 53.Bb3 Kf6 54.Kg2 Be6 55.d5 Bd7 56.Kf3 Ke5 57.d6 Bc6+
58.Kg4 Ke4 59.Be6 b4 60.Kh3 Kf3 61.Kh2 Kf2 62.Kh3 f3 63.d7 Bxd7 64.Bxd7 Ke1  0-1

[Event "XII Izmailov Mem"]
[Site "Tomsk RUS"]
[Date "2008.06.29"]
[Round "5"]
[White "Tilicheev,V"]
[Black "Keosidi,K"]
[Result "1/2-1/2"]
[WhiteElo "2147"]
[BlackElo "2381"]

1.e4 g6 2.d4 Bg7 3.Nc3 d6 4.g3 Nf6 5.Bg2 O-O 6.Nge2 c6 7.a4 Nbd7 8.O-O e5
9.h3 Re8 10.dxe5 dxe5 11.Be3 Qe7 12.Qd2 Nb6 13.b3 Be6 14.Rad1 Rad8 15.Qc1 Rxd1
16.Rxd1 Rd8 17.Rxd8+ Qxd8 18.Qd2 Qd7 19.Qxd7 Nfxd7 20.Nc1 Bf8 21.Nd3 Nc8
22.Kf1 b6 23.Ke2 Bd6 24.Kd2 f6 25.Bf1 Kf7 26.Na2 Ne7 27.c4 c5 28.Nc3 Nc6
29.Nd5 Nd4 30.Kc3 f5 31.exf5 Nxf5 32.Bg2 Nf6 33.Nxf6 Kxf6 34.Bd2 Nd4 35.h4 Ne2+
36.Kb2 Bf5 37.Nc1 Nd4 38.Na2 Bc2 39.Bg5+ Kg7 40.Be3 Bxb3  1/2-1/2

[Event "Svein Johannessen Mem"]
[Site "Oslo NOR"]
[Date "2008.06.30"]
[Round "6"]
[White "Hammer,J"]
[Black "Hoi,C"]
[Result "1/2-1/2"]
[WhiteElo "2457"]
[BlackElo "2410"]

1.e4 g6 2.d4 Bg7 3.Nc3 d6 4.f4 c6 5.Nf3 d5 6.e5 h5 7.g3 Nh6 8.Be3 Qb6 9.Na4 Qa5+
10.c3 Bg4 11.b4 Bxf3 12.bxa5 Bxd1 13.Kxd1 Nd7 14.Nb2 e6 15.c4 h4 16.cxd5 Nf5
17.Bg1 hxg3 18.dxc6 bxc6 19.Bg2 gxh2 20.Bf2 Rc8  1/2-1/2

[Event "Ladoga Summer"]
[Site "Novaya Ladoga RUS"]
[Date "2008.07.01"]
[Round "1"]
[White "Anjuhin,A"]
[Black "Sedov,Alek2"]
[Result "1/2-1/2"]
[WhiteElo "2346"]
[BlackElo "2246"]

1.e4 g6 2.d4 Bg7 3.Nc3 d6 4.Be3 a6 5.Qd2 h6 6.Nf3 Nd7 7.a4 e6 8.Bc4 b6 9.O-O Ne7
10.h3 Bb7 11.Nh2 Nf6 12.d5 exd5 13.exd5 Kf8 14.f3 Kg8 15.Ng4 Nf5 16.Bf2 h5
17.Ne3 Bh6 18.Qd3 Bxe3 19.Bxe3 Nxe3 20.Qxe3 Qf8 21.Rae1 Re8 22.Qd3 Nd7 23.Rxe8 Qxe8
24.f4 Qe7 25.Ne4 Kg7 26.Qd4+ Nf6 27.Re1 Bc8 28.Re2 Qd8 29.c3 a5 30.Nxf6 Qxf6
31.Re7 Qxd4+ 32.cxd4 Bf5 33.Rxc7 Rc8 34.Rc6 Bd7 35.Rxd6 Rxc4 36.Rxd7 Rxa4
37.Rb7 Rxd4  1/2-1/2

[Event "ChInt Open"]
[Site "Paris FRA"]
[Date "2008.07.01"]
[Round "4"]
[White "Sochacki,W"]
[Black "Shoker,S"]
[Result "0-1"]
[WhiteElo "2245"]
[BlackElo "2377"]

1.e4 g6 2.d4 Bg7 3.Nc3 d6 4.Be3 a6 5.f4 b5 6.Bd3 Bb7 7.Nf3 Nd7 8.e5 c5 9.Be4 Bxe4
10.Nxe4 cxd4 11.Bxd4 dxe5 12.fxe5 Nf8 13.Nc5 Nh6 14.e6 Bxd4 15.Qxd4 Qxd4
16.Nxd4 fxe6 17.Ncxe6 Nxe6 18.Nxe6 Rc8 19.O-O-O Nf5 20.Rhe1 h5 21.h3 h4 22.Rd5 Kf7
23.Rd7 Rc4 24.Rc7 Rc8 25.Rxc8 Rxc8 26.Re4 Kf6 27.Nf4 Rc6 28.Kd2 g5 29.Nd5+ Kf7
30.Re5 e6 31.Ne3 Rd6+ 32.Kc3 Nxe3 33.Rxe3 Kf6 34.Re2 e5 35.Rd2 Rc6+ 36.Kd3 Rc4
37.c3 Kf5 38.Rf2+ Rf4 39.Rd2 Rf1 40.Ke3 Re1+ 41.Re2 Ra1 42.b3 e4 43.Rc2 Rd1
44.c4 Rd3+ 45.Kf2 b4 46.Ke2 Ke5 47.Rd2 Rg3 48.Kd1 Rc3 49.Ke2 Kf4 50.Rd4 a5
51.Rd5 a4 52.bxa4 Rg3 53.Kf1 Ra3 54.Rd2 e3 55.Rb2 Ke4 56.Ke2 Kd4 57.a5 Rxa5
58.c5 Kxc5 59.Kxe3 Ra3+ 60.Kd2 Rg3 61.Kd1 Kb5 62.Rc2 Ka4 63.Ke1 Ka3 64.Kd1 Rd3+
65.Kc1 Rd5 66.Re2 Rf5 67.Re4 Rf1+  0-1

[Event "XII Izmailov Mem"]
[Site "Tomsk RUS"]
[Date "2008.07.01"]
[Round "7"]
[White "Kornev,Alexa"]
[Black "Mihajlovskij,S"]
[Result "1-0"]
[WhiteElo "2314"]
[BlackElo "2476"]

1.e4 g6 2.d4 Bg7 3.Nc3 d6 4.Be3 c6 5.Qd2 b5 6.O-O-O Nd7 7.g4 Qa5 8.f3 Rb8
9.Kb1 Nb6 10.b3 h5 11.g5 b4 12.Nce2 e6 13.Bf4 Bf8 14.Nc1 Bd7 15.h4 Nc8 16.Qh2 Nge7
17.Bxd6 Nxd6 18.Qxd6 Qb6 19.Qe5 Rg8 20.Bc4 Nc8 21.Nge2 Bd6 22.Qf6 Qc7 23.Nd3 Be7
24.Qf4 Qxf4 25.Nexf4 Kf8 26.Nc5 Nb6 27.Nfd3 Bc8 28.Ne5 Nxc4 29.bxc4 Bxc5
30.dxc5 Kg7 31.f4 a5 32.Rd6 Rb7 33.Rhd1 Rc7 34.Rd8 Rxd8 35.Rxd8 a4 36.Kb2 Ba6
37.Nd7  1-0

[Event "Sparkassen Open"]
[Site "Dortmund GER"]
[Date "2008.07.02"]
[Round "4"]
[White "Voicu,C"]
[Black "Skutta,B"]
[Result "1-0"]
[WhiteElo "2290"]
[BlackElo "2077"]

1.e4 g6 2.d4 Bg7 3.Nc3 d6 4.Be3 a6 5.Qd2 b5 6.Bd3 Nd7 7.a4 b4 8.Nce2 c5 9.h4 Qc7
10.c3 c4 11.Bb1 b3 12.h5 Bb7 13.Ng3 e5 14.N1e2 a5 15.f4 O-O-O 16.O-O Ngf6
17.fxe5 dxe5 18.h6 Bf8 19.Bg5 Be7 20.dxe5 Nxe5 21.Nd4 Nfg4 22.Bf4 Bc5 23.Ne2 Qe7
24.Qe1 g5 25.Bd2 Rd6 26.Rf5 Rg8 27.Qc1 f6 28.Ng3 Nxh6 29.Rf1 Rgd8 30.Be3 Qd7
31.Qe1 Qg4 32.Qf2 Qh4 33.Ngf5 Qxf2+ 34.Rxf2 Nxf5 35.Rxf5 h5 36.Kf1 Bb6 37.Bxg5 Bxd4
38.cxd4 Rxd4 39.Rxf6 Rd1+ 40.Ke2 Rg1 41.Rf5 Rdd1 42.Rxe5 Rxb1 43.Rxb1 Rxb1
44.Rc5+ Kd7 45.Bf6 Ba6 46.Kd2 Rf1 47.Bd4 Rf4 48.Ke3 Rg4 49.Rxh5 Rxg2 50.Rxa5 Bb7
51.Bc3 Rg4 52.Re5 Bc6 53.a5 Rg3+ 54.Kd4 Rg4 55.Bb4 Rf4 56.a6 Kc7 57.Re7+ Kb6
58.a7 Kb5 59.Bc3 Ka6 60.Re6 Rxe4+ 61.Rxe4 Bxe4 62.Kxe4 Kxa7 63.Kd5 Ka6 64.Kxc4  1-0

[Event "Sparkassen Open"]
[Site "Dortmund GER"]
[Date "2008.07.02"]
[Round "4"]
[White "Kartsev,So"]
[Black "Hausrath,D"]
[Result "0-1"]
[WhiteElo "2219"]
[BlackElo "2505"]

1.e4 g6 2.d4 Bg7 3.Nc3 d6 4.Be3 a6 5.Bc4 e6 6.Qd2 b5 7.Bb3 Nc6 8.h4 h6 9.g4 Nf6
10.f3 e5 11.Nge2 exd4 12.Nxd4 Ne5 13.Kf2 c5 14.Ndxb5 axb5 15.g5 c4 16.Nxb5 O-O
17.gxh6 Bh8 18.h5 Kh7 19.Nxd6 cxb3 20.hxg6+ fxg6 21.axb3 Rxa1 22.Rxa1 Qxd6
23.Ra7+ Bd7 24.Qxd6 Nxe4+ 25.Ke2 Nxd6 26.f4 Nb5 27.Rb7 Rf7  0-1

[Event "Sparkassen Open"]
[Site "Dortmund GER"]
[Date "2008.07.04"]
[Round "7"]
[White "Ebert,Manu"]
[Black "Heck,N"]
[Result "0-1"]
[WhiteElo "2111"]
[BlackElo "2312"]

1.e4 g6 2.d4 Bg7 3.Nc3 d6 4.f4 a6 5.Nf3 b5 6.a3 Nd7 7.d5 Bb7 8.Nd4 Ngf6 9.Be3 O-O
10.Be2 Nb6 11.Bf3 Nc4 12.Bc1 Qc8 13.b3 Nb6 14.O-O c5 15.dxc6 Bxc6 16.Nxc6 Qxc6
17.Bb2 Qc5+ 18.Kh1 Rac8 19.Be2 Rfd8 20.Qc1 d5 21.Bd3 Ng4 22.e5 Nf2+ 23.Rxf2 Qxf2
24.Ne2 d4 25.Qg1 Qxg1+ 26.Kxg1 f6 27.Bxd4 Rxd4 28.Nxd4 fxe5 29.fxe5 Bxe5
30.c3 Rxc3 31.Nf3 Bf6 32.Rd1 Rxb3 33.a4 Nxa4 34.Be4 Nc3 35.Rd8+ Kg7 36.Bb7 a5
37.g3 h6 38.h4 g5 39.h5 a4 40.Ra8 a3  0-1

[Event "Atlantis Meestertienkamp"]
[Site "Groningen NED"]
[Date "2008.07.04"]
[Round "9"]
[White "Kodentsov,G"]
[Black "Pel,B"]
[Result "0-1"]
[WhiteElo "2275"]
[BlackElo "2288"]

1.e4 d6 2.d4 g6 3.Nc3 Bg7 4.f4 a6 5.Nf3 b5 6.Bd3 Nd7 7.e5 c5 8.Be4 Rb8 9.O-O b4
10.Ne2 Nh6 11.c3 O-O 12.Ng3 Qb6 13.Kh1 Bb7 14.Bxb7 Rxb7 15.Qe2 bxc3 16.bxc3 dxe5
17.dxe5 Qb5 18.c4 Qc6 19.Bb2 Rfb8 20.Bc3 Nf8 21.Nd2 f5 22.Nb3 Rd7 23.Rad1 Rbd8
24.Ba5 Rxd1 25.Rxd1 Rxd1+ 26.Qxd1 Ne6 27.Qd5 Qxd5 28.cxd5 Nxf4 29.Nxc5 Nxd5
30.Nxa6 Bxe5 31.Nb4 Nxb4 32.Bxb4 Kf7 33.Bc5 Ke6 34.a4 Bd6 35.Bb6 Kd5 36.Ne2 Ng4
37.a5 Kc6 38.Nd4+ Kb7 39.Ne6 Nf6 40.h3 Nd5 41.Bf2 Bb4 42.Nf8 e5 43.Nxh7 e4
44.Ng5 Bxa5 45.g4 Bd2 46.Nf7 e3 47.Bxe3 Nxe3 48.gxf5 Nxf5 49.Ne5 Nh4 50.Kg1 Be3+
51.Kf1 Bf4 52.Nf7 Kc6 53.Ke2 Kd7 54.Nh8 Ke6 55.Nxg6 Nxg6 56.Kd3 Nh4 57.Kd4 Be5+
58.Kc5 Bf6 59.Kc6 Bd4 60.Kc7 Kd5 61.Kb7 Kd6 62.Kc8 Bb6 63.Kb7 Bc7 64.Kc8 Nf5
65.Kb7 Kd7 66.h4 Nd6+ 67.Ka7 Kc6 68.h5 Nc8+ 69.Ka8 Kb6 70.h6 Ka6 71.h7 Nb6+  0-1

[Event "XVII Burgas Open"]
[Site "Ourense ESP"]
[Date "2008.07.04"]
[Round "2"]
[White "Baltar Iglesias,D"]
[Black "Nora,F"]
[Result "1-0"]
[WhiteElo "2281"]
[BlackElo "1941"]

1.e4 g6 2.d4 Bg7 3.Nc3 d6 4.Nf3 Nf6 5.Be3 c6 6.Qd2 b5 7.a3 a6 8.h3 Nbd7 9.e5 Nd5
10.Nxd5 cxd5 11.Bh6 O-O 12.h4 Re8 13.Bxg7 Kxg7 14.h5 Rh8 15.O-O-O Nb6 16.Qf4 dxe5
17.dxe5 Ra7 18.Bd3 Rc7 19.hxg6 hxg6 20.e6  1-0

[Event "ChInt Open"]
[Site "Paris FRA"]
[Date "2008.07.04"]
[Round "7"]
[White "Fedorchuk,S"]
[Black "Onkoud,A"]
[Result "1-0"]
[WhiteElo "2671"]
[BlackElo "2396"]

1.e4 d6 2.d4 g6 3.Nc3 Bg7 4.Be3 a6 5.a4 b6 6.Nf3 Nd7 7.Qd2 Bb7 8.Bd3 e6 9.O-O h6
10.h3 Ne7 11.Rad1 Nf6 12.Rfe1 Qd7 13.Bf4 Rd8 14.e5 Nfd5 15.Ne4 Nxf4 16.Qxf4 Nd5
17.Qg3 Nb4 18.Nf6+ Bxf6 19.exf6 Nxd3 20.Rxd3 Bxf3 21.Rxf3 d5 22.Rc3 c6 23.Rb3 Qb7
24.Qc3 Kd7 25.Ra3 Qc7 26.Qd3 Ra8 27.Qd2 Qd6 28.Rf3 Kc7 29.b3 Rad8 30.Rd3 a5
31.c3 g5 32.b4 Ra8 33.Ra1 Ra7 34.Qb2 Rha8 35.Qb3 axb4 36.cxb4 Kd7 37.Rc3 Qf4
38.a5 bxa5 39.b5 Qxd4 40.bxc6+ Kc7 41.Rb1 Qb4 42.Qc2 Qe4 43.Qb2 Qb4 44.Rb3 Qe4
45.Qa3  1-0

[Event "ChInt Open"]
[Site "Paris FRA"]
[Date "2008.07.05"]
[Round "8"]
[White "Grover,S"]
[Black "Shoker,S"]
[Result "1-0"]
[WhiteElo "2300"]
[BlackElo "2377"]

1.e4 g6 2.d4 Bg7 3.Nc3 d6 4.Bg5 c6 5.Qd2 h6 6.Bh4 b5 7.f4 Qb6 8.e5 d5 9.Nf3 Bg4
10.Be2 e6 11.O-O Nd7 12.Kh1 h5 13.a4 b4 14.Nd1 a5 15.c4 Nh6 16.cxd5 cxd5
17.Ne3 Rc8 18.Bb5 Bxf3 19.Rxf3 Qa7 20.f5 gxf5 21.Nxd5 exd5 22.Qg5 O-O 23.Rg3 Ng4
24.h3 Qxd4 25.Bxd7 f4 26.Rxg4 hxg4 27.Qxg4 Qxe5 28.Bxc8 f5 29.Qg6 Rxc8 30.Re1 Qxe1+
31.Bxe1 Rc1 32.Qe6+ Kh8 33.Kh2 f3 34.gxf3 f4 35.Qe8+ Kh7 36.Qh5+ Bh6 37.Bd2  1-0

[Event "5th Sth Wales Int"]
[Site "Trefforst WLS"]
[Date "2008.07.05"]
[Round "1"]
[White "White,Mi"]
[Black "Waterfield,J"]
[Result "1-0"]
[WhiteElo "2289"]
[BlackElo "2035"]

1.e4 g6 2.d4 Bg7 3.Nc3 d6 4.f4 Nf6 5.e5 dxe5 6.dxe5 Qxd1+ 7.Kxd1 Ng4 8.Ke1 c6
9.h3 Nh6 10.g4 Nd7 11.Nf3 O-O 12.Be3 Nb6 13.Rd1 Be6 14.Rg1 Nd5 15.Nxd5 Bxd5
16.Nd4 Rfd8 17.Bd3 b5 18.g5 Nf5 19.Bxf5 gxf5 20.Nxf5 Bf8 21.Bc5 Rd7 22.h4 Rad8
23.Rg3 Be4 24.Rxd7 Rxd7 25.Nh6+ Kg7 26.f5 f6 27.exf6+ exf6 28.Bxf8+ Kxf8
29.gxf6 Bd5 30.b3 Rd6 31.Rg7 Rxf6 32.Rxh7 Be4 33.Kd2 a5 34.c4 Bxf5 35.Nxf5 Rxf5
36.cxb5 cxb5 37.Kc3 Kg8 38.Ra7 b4+ 39.Kc4 Rh5 40.Kd3 Kh8 41.Ke3 Kg8 42.Kf3 Rf5+
43.Kg4 Rd5 44.h5 Rd4+ 45.Kf5 Rd5+ 46.Ke6 Rxh5 47.Kd6 Kf8 48.Kc6 Ke8 49.Kb6 Kd8
50.Rxa5 Rh4 51.Ra7 Kc8 52.Kc5 Kb8 53.Ra4  1-0

[Event "FSGM July"]
[Site "Budapest HUN"]
[Date "2008.07.06"]
[Round "2"]
[White "Mas,H"]
[Black "Rajlich,I"]
[Result "1-0"]
[WhiteElo "2386"]
[BlackElo "2417"]

1.e4 g6 2.d4 Bg7 3.Nc3 d6 4.Be3 Nc6 5.d5 Ne5 6.f4 Nd7 7.Nf3 Ngf6 8.Bc4 O-O
9.Qe2 c6 10.O-O b5 11.dxc6 bxc4 12.cxd7 Bb7 13.Qxc4 Qxd7 14.Qd3 Nh5 15.e5 Qc6
16.exd6 exd6 17.Rf2 Rfe8 18.f5 Nf6 19.Nd4 Qa6 20.Qxa6 Bxa6 21.Bg5 Ng4 22.Rf4 Ne3
23.f6 h6 24.Bh4 Bf8 25.Bf2 Bb7 26.Bxe3 Rxe3 27.Kf2 Rae8 28.h4 h5 29.Nb3 R3e6
30.Nd4 Re3 31.Nb3 Bh6 32.Rb4 Ba8 33.Rf1 R3e5 34.Kg3 Kh7 35.Ra4 g5 36.Rxa7 gxh4+
37.Kh2 Kg6 38.Nd4 Be3 39.Ra4 h3 40.Kxh3 Kh6 41.Nf5+ Rxf5 42.Rxf5 Bc6 43.Rfa5 Bg1
44.Rh4 Bd7+ 45.Kg3 Rg8+ 46.Kf4 Bg4 47.Ne4 Bd4 48.c3 Be5+ 49.Rxe5 dxe5+ 50.Kxe5 Be6
51.g3 Bxa2 52.g4 Rxg4 53.Rxg4 hxg4 54.Kf4 Kh5 55.b4 Bc4 56.Nd6 Bd5 57.c4 Be6
58.b5 Kh4 59.b6 g3 60.b7 g2 61.b8=Q Bg4 62.Qh8+ Bh5 63.Nf5+ Kh3 64.Qxh5+  1-0

[Event "7th Open"]
[Site "La Fere FRA"]
[Date "2008.07.07"]
[Round "4"]
[White "Drenchev,P"]
[Black "Jossien,R"]
[Result "1/2-1/2"]
[WhiteElo "2450"]
[BlackElo "2291"]

1.d4 d6 2.e4 g6 3.Nc3 Bg7 4.g3 b6 5.Bg2 Bb7 6.Nge2 e6 7.Be3 Ne7 8.Qd2 h6
9.O-O Nd7 10.Rfd1 a6 11.h3 d5 12.Nf4 Nf6 13.exd5 Nexd5 14.Nfxd5 Nxd5 15.Nxd5 Bxd5
16.c4 Bxg2 17.Kxg2 Qe7 18.a4 a5 19.Ra3 Rd8 20.Rd3 h5 21.b3 O-O 22.d5 exd5
23.Rxd5 Bf6 24.Qe2 Rxd5 25.Rxd5 Rd8 26.Qd3 Rxd5 27.Qxd5 Be5 28.c5 Qf6 29.cxb6 cxb6
30.Bxb6 Qxb6 31.Qxe5 Qb7+ 32.Kg1 Qb4 33.h4 Qd2 34.Kg2 Qb4 35.Qe3 Qb7+ 36.Kg1 Qb4
37.Kf1 Kg7 38.Ke2 Kg8 39.Kd1 Qg4+ 40.Kc1 Qf5 41.Qd4 Kh7 42.Kb2 Kg8 43.Ka3 Qc8
44.Qd2 Qc5+ 45.Kb2 Qe5+ 46.Ka2 Qc5 47.f4 Kh7 48.Kb2 Kg8 49.Qc3 Qd5 50.Qe3 Kh7
51.Qc3 Kg8 52.Ka3 Qd6+ 53.b4 axb4+ 54.Qxb4 Qd3+ 55.Qb3 Qd6+ 56.Kb2 Qd2+ 57.Qc2 Qd4+
58.Kb3 Qb6+ 59.Kc3 Qc5+ 60.Kb3 Qb6+ 61.Ka2 Qe6+ 62.Qb3 Qe2+ 63.Ka3 Qe7+ 64.Kb2 Qc5
65.Qc3 Qb6+ 66.Kc2 Qf2+ 67.Kb3 Qb6+ 68.Kc4 Qc6+ 69.Kb4 Qb6+ 70.Ka3 Qd6+ 71.Kb2 Qb6+
72.Kc2 Qf2+ 73.Kc1 Qf1+ 74.Kb2 Qe2+ 75.Qc2 Qe7 76.Qc8+ Kh7 77.Qc4 Qa7 78.Kc3 Qe3+
79.Qd3 Qc5+ 80.Kb3 Qb6+ 81.Ka2 Qc5 82.Kb3 Qb6+ 83.Qb5 Qe3+ 84.Kb4 Qd4+ 85.Qc4 Qb6+
86.Kc3 Qe3+ 87.Qd3 Qc5+ 88.Kb2 Qb4+ 89.Qb3 Qd2+ 90.Kb1 Qe1+ 91.Ka2 Qd2+ 92.Ka3 Qd6+
93.Qb4 Qd3+ 94.Kb2 Qe2+ 95.Kc1 Qe3+ 96.Kc2 Qe2+ 97.Kb3 Qd3+ 98.Qc3 Qd5+ 99.Kb4 Qb7+
100.Ka3 Qe7+ 101.Kb3 Qe6+ 102.Kb2 Qb6+ 103.Ka2 Qe6+ 104.Ka1  1/2-1/2